| 000 | 01489nam2a22002651 4500 | ||
|---|---|---|---|
| 001 | RU\NLR\IC100\5000003013 | ||
| 005 | 20250617152705.0 | ||
| 035 | _a(NLR Aleph) 002745553 | ||
| 090 |
_a2094280 _c2094280 |
||
| 100 | _a20040116d1971 |||y0rusy50 ca | ||
| 101 | 0 | _arus | |
| 102 | _aRU | ||
| 105 | _ay ||||||||| | ||
| 200 | 0 | _aВып.96 | |
| 210 |
_d1971 _aБ. м. |
||
| 225 | 1 |
_a... _vВып.96 _i... _vВып.7 |
|
| 461 | 0 |
_1001RU\NLR\INFOCOMM55\5000201252 _12001#$aСборник научных трудов$fМ-во просвещения РСФСР. Яросл. гос. пед. ин-т им. К.Д. Ушинского$vВып.96 _92994583 _aЯрославский педагогический институт имени К.Д. Ушинского _cЯрославль _d1944-1985 _fМ-во просвещения РСФСР. Яросл. гос. пед. ин-т им. К.Д. Ушинского _tСборник научных трудов _vВып.96 |
|
| 462 | 0 |
_1001RU\NLR\IC100\5000003012 _12001#$aВопросы русского языка$e(Проблемы лексикологии и синтаксиса)$vВып.7 _92094272 _cЯрославль _d1969- _o(Проблемы лексикологии и синтаксиса) _tСборник научных трудов. - Вопросы русского языка _vВып.7 |
|
| 801 | 1 |
_aRU _bInfoComm _c20040116 |
|
| 801 | 0 |
_aRU _bNLR _gPSBO |
|
| 852 |
_aNLR _jП28/391 |
||
| 942 | _cISSUE | ||
| 980 | _aNB | ||
| 980 | _aRUSPER | ||